000 00813nam a2200217Ia 4500
008 191130s2007##################000#0#eng##
020 _a9780345453204
040 _aACL
_cACL
082 _a942.036092 WEI
100 _aWeir, Alison
245 _aQueen Isabella : treachery, adultery, and murder in medieval England
_cAlison Weir
250 _aBallantine Books Trade pbk. ed
260 _aNew York
_bBallantine Books
_c©2007
300 _axxi, 490 p., [16] p. of plates : ill. (some col.), maps ; 21 cm
650 _aGreat Britain -- History -- Edward II, 1307-1327 -- Biography
650 _aIsabella, -- Queen, consort of Edward II, King of England, -- 1292-1358
650 _aQueens -- Great Britain -- Biography
990 _a914ae148ac10000c59e4be6720ee892d
991 _a204861
999 _c48532
_d48532